| 000 | 00954cam a22002531i 4500 | ||
|---|---|---|---|
| 003 | SA-RiAUC | ||
| 005 | 20250413060430.0 | ||
| 008 | 250410s1978 su g 000 0 ara c | ||
| 040 |
_aJO-MaAHU _bara _cSA-RiAUC _erda |
||
| 043 | _aa-su--- | ||
| 082 | 0 | 4 | _a071.531 |
| 090 |
_a071.531 _bح ا ف |
||
| 100 | 1 |
_aحافظ، عثمان عبد القادر، _d1327-1413 هجري _eمؤلف. |
|
| 245 | 1 | 0 |
_aتطور الصحافة في المملكة العربية السعودية / _cعثمان حافظ. |
| 250 | _aالطبعة الثانية. | ||
| 264 | 1 |
_aجدة، السعودية : _bشركة المدينة للطباعة والنشر، _c1978 |
|
| 300 | _a2 مجلد | ||
| 336 |
_aنص _btxt _2rdacontent _3كتاب |
||
| 337 |
_aبدون وسيط _bn _2rdamedia |
||
| 338 |
_aمجلد _bnc _2rdacarrier |
||
| 650 | 7 |
_aالصحافة _zالسعودية _xتاريخ _2aucsh |
|
| 942 |
_2ddc _cBOOK _n0 |
||
| 949 |
_aSA-JeALM _d250410 _umohamedma123 _n1 |
||
| 999 |
_c6934 _d6934 |
||